00919nam a2200157 a 4500020002700000020003000027082001500057100002300072245003800095250001700133260004700150300001300197520045200210650002900662856007000691 a0935702717 (paperback) a9780935702712 (paperback) a547.2 TUR 1 aTurro, Nicholas J.10aModern molecular photochemistry / aNew edition. a[S.l.] :bUniversity Science Books,c1991. a628 p. ; aDuring the last two decades the photochemistry of organic molecules has grown into an important and pervasive branch of organic chemistry. In "Modern Molecular Photochemistry", the author brings students up to date with the advances in this field - the development of the theory of photoreactions, the utilization of photoreactions in synthetic sequences, and the advancement of powerful laser techniques to study the mechanisms of photoreactions. aphotochemictry,molecular40uhttp://www.amazon.com/exec/obidos/ASIN/0935702717/chopaconline-20